ბათუმის შოთა რუსთაველის სახელმწიფო უნივერსიტეტის ბიბლიოთეკა

თანამედროვე ბიოტექნოლოგიის შესავალი =An Introduction To Modern biotechnology / (ბიბ.ჩანაწერი № 37534)

000 -ლიდერი
ფიქსირებული სიგრძის საკონტროლო ველი 01512nam a2200253Ia 4500
001 - საკონტროლო ნომერი
საკონტროლო ველი 3498
003 - საკონტროლო ნომრის იდენტიფიკატორი
საკონტროლო ველი GE_BSU
005 - ბოლო ოპერაციის თარიღი და დრო
საკონტროლო ველი 20190619160002.0
008 - ფიქსირებული სიგრძის მონაცემთა ელემენტები - ზოგადი ინფორმაცია
ფიქსირებული სიგრძის საკონტროლო ველი 181216s2009||||ge |||||||||||||| ||geo||
040 ## - კატალოგიზაციის წყარო
Transcribing agency GE_BSU
041 ## - ენის კოდი
Language code of text/sound track or separate title geo
080 ## - უნივერსალური ათობითი კლასიფიკაციის ინდექსი
Universal Decimal Classification number 663.1(075.8) ბ–19
100 ## - მთავარი ჩანაწერი - პიროვნების სახელი
Personal name ბაკურიძე, ა.
9 (RLIN) 2618
245 ## - ცნობა სათაურის შესახებ
Title თანამედროვე ბიოტექნოლოგიის შესავალი =An Introduction To Modern biotechnology /
Statement of responsibility, etc ა. ბაკურიძე, ე. კვესიტაძე, დ. ღაღანიძე; რედაქტორები: შუქრი ჯაფარიძე, დალი ჭრიკიშვილი; საქართველოს მეცნიერებათა ეროვნული აკადემია
264 ## - წარმოების, გამოცემის, დისტრიბუციის და სხვა ცნობები
გამოცემის, წარმოების, დისტრიბუციის... ადგილი თბილისი:
გამოცემის, წარმოების, დისტრიბუციის... სახელწოდება შპს სტამბა "ქომი",
გამოცემის, წარმოების, დისტრიბუციის... თარიღი 2009.
300 ## - ფიზიკური აღწერა
Extent 313 გვ. ;
Other physical details 30 სმ.
653 ## - INDEX TERM--UNCONTROLLED
Uncontrolled term ბიოტექნოლოგია
700 ## - ADDED ENTRY--PERSONAL NAME
Personal name კვესიტაძე, ე.
Relator term ავტორი.
9 (RLIN) 2619
700 ## - ADDED ENTRY--PERSONAL NAME
Personal name ღაღანიძე, დ.
Relator term ავტორი.
9 (RLIN) 2620
700 ## - ADDED ENTRY--PERSONAL NAME
Personal name ჯაფარიძე, შუქრი,
Relator term რედაქტორი.
9 (RLIN) 2621
700 ## - ADDED ENTRY--PERSONAL NAME
Personal name ჭრიკიშვილი, დალი
Relator term რედაქტორი.
9 (RLIN) 2622
710 ## - ADDED ENTRY--CORPORATE NAME
Corporate name or jurisdiction name as entry element საქართველოს მეცნიერებათა ეროვნული აკადემია.
9 (RLIN) 1136
942 ## - ADDED ENTRY ELEMENTS (KOHA)
Koha item type წიგნი
Source of classification or shelving scheme
ეგზემპლარები
ჩამოწერის სტატუსი დაკარგული ეგზემპლარის სტატუსი კლასიფიკაციის წყარო ან თაროზე გაწყობის სქემა დაზიანების სტატუსი არ გაიცემა მუდმივი მდებარეობა (დაცვის ადგილი) ამჟამინდელი ადგილსამყოფელი თაროზე განთავსების ადგილი შეძენის თარიღი სრული შენახვის შიფრი შტრიხკოდი ბოლო ოპერაციის თარიღი ეგზემპლარის მიმდევრობითი ნომერი (კეტერი?) ფასის ძალაში შესვლის თარიღი ეგზემპლარის სახეობა საჯარო შენიშვნა
          ბათუმის შოთა რუსთაველის სახელმწიფო უნივერსიტეტის მთავარი ბიბლიოთეკა ბათუმის შოთა რუსთაველის სახელმწიფო უნივერსიტეტის მთავარი ბიბლიოთეკა წიგნსაცავი 2018-12-17 663.1(075.8) ბ–19 5007 2018-12-17 5007 2018-12-17 წიგნი